Beşiktaş Current Squad by Photos (25/26) - Statistics

General Stats
  • This quiz has been taken 60 times
    12 since last reset
  • The average score is 20 of 28
Answer Stats
Picture Hint Answer % Correct
#30 Ersin Destanoğlu
92%
#3 Gabriel Paulista
92%
#53 Emirhan Topçu
83%
#2 Jonas Svensson
83%
#1 Mert Günok
83%
#10 Orkun Kökçü
83%
#27 Rafa Silva
83%
#9 Tammy Abraham
83%
#35 Tiago Djalo
83%
#19 El Bilal Toure
75%
#7 Milot Rashica
75%
#91 Mustafa Hekimoğlu
75%
#20 Necip Uysal
75%
#33 Rıdvan Yılmaz
75%
#8 Salih Uçan
75%
#4 Wilfred Ndidi
75%
#11 Cengiz Ünder
67%
#39 David Jurasek
67%
#5 Demir Ege Tıknaz
67%
#14 Felix Uduokhai
67%
#26 Jota Silva
67%
#17 Kartal Yılmaz
67%
#22 Taylan Bulut
67%
#18 Vaclav Cerny
67%
#25 Gökhan Sazdağı
58%
#99 Emre Bilgin
50%
#52 Devrim Şahin
42%
#96 Emir Yaşar
42%
No matching quizzes found
Score Distribution
Percent of People with Each Score
Percentile by Number Answered
Your Score History
You have not taken this quiz since the last reset